00437nam a2200133Ia 4500003000900000005001700009008004100026040001600067080001900083100002300102245013400125260003400259650001000293IN-BaIIA20250707092105.0211028s9999 xx 000 0 eng d cIIA Library a(084.3)52bARG aArgelander, F.W.A. 0aAtlas des Nordlichen gestirten Himmels tur den anfang der jalires 1855cF.W.A. Argelander  aBonnbBei Adolph Marcusc1863 aAtlas